Côtes de France - Statistiques

Statistiques générales
  • Ce quiz a été pris 308 fois
  • Le résultat moyen est 9 sur 38
Statistiques - réponses
Mer/Océan Localisation Longueur (km) Nom de la côte % Correct
Mer du Nord de Dunkerke à Berck 120 Côte d'Opale
88%
de Marseille à Menton 350 Côte d'azur
79%
de Cancale au cap Fréhel 55 Côte d'Émeraude
50%
de Soulac-sur-Mer à Anglet 250 Côte d'argent
47%
de la pointe du Château à la Baie de Lannion 40 Côte de granite rose
45%
de Anglet à Hendaye 30 Côte basque
40%
de La Rochelle à Fouras 30 Rade des Basques
40%
Méditerrannée de Cerbère à Argeles-sur-Mer 25 Côte vermeille
34%
Atlantique de Saint-Mathieu à Penmarch 225 Côte d'Iroise
31%
de Dieppe à Honfleur 130 Côte d'Albâtre
29%
de Trouville-sur-mer à Ouistreham 25 Côte Fleurie
29%
de Le-Grau-du-Roi à Martigues 45 Côte camarguaise
28%
de Ouistreham à Courseulles 15 Côte de nacre
26%
d'Argeles-sur-Mer à Le-Grau-du-Roi 190 Côte d'améthyste
25%
de Penmarch à Lorient 105 Côte de Cornouaille
24%
de Martigues à Marseille 35 Côte bleue
23%
du Croisic à la Baule 10 Côte d'amour
23%
de la Baule à Pornic 10 Côte de jade
23%
de Saint-Denis-d'Oléron à Royan 65 Côtes sauvages
20%
de Noirmoutier-en-l'Ile à L’Aiguillon-sur-Mer 135 Côte de lumière
19%
Mer du Nord de Dunkerke à Gravelines 30 Côte des dunes de Flandres
18%
de La Tranche-sur-Mer à L'Aiguillon-sur-Mer 10 Côte des fleurs
17%
du cap de Carteret au cap de Granville 70 Côte des havres
16%
des Issambres au Trayas 50 Côte de l'Esterel
15%
d'Avranches à Cancale 50 Baie du Mont-Saint-Michel
14%
de Nice à Menton 30 Côte de la riviera
14%
de Plouguerneau à Saint-Mathieu 45 Côte des Abers
13%
de Lorient au Croisic 160 Côte des Mégalithes
13%
de la pointe de Pléneuf à Paimpol 70 Côte de Goëlo
11%
Manche de Fort-Mahon à Le Tréport 35 Côte picarde
11%
du cap de La Hague à Avranches 140 Côte de la déroute
10%
de Le Pradet à Port Grimaud 45 Côte des maures
10%
de Fouras à Meschers-sur-Gironde 75 Côte de beauté
9%
de Plouescat à Saint-Mathieu 92 Côte des légendes
9%
de la baie de Lannion à Plouescat 80 Ceinture dorée
8%
de Honfleur à Trouville-sur-mer 15 Côte de Grâce
8%
de Baubigny à Denneville 35 Côte des Isles
8%
du cap Fréhel à la pointe de Pléneuf 25 Côte de Penthièvre
6%
Aucun quiz correspondant
Distribution des résultats
% des personnes avec chaque résultat
Percentile par nombre de réponses
Votre historique - résultats
Vous n’avez pas pris ce quiz